The lived experiences of College of Accountancy students of the University of Rizal System Binangonan under flexible learning modalities (Record no. 72272)

MARC details
000 -LEADER
fixed length control field 00984nam a22002297a 4500
003 - CONTROL NUMBER IDENTIFIER
control field urs
005 - DATE AND TIME OF LATEST TRANSACTION
control field 20230810101456.0
008 - FIXED-LENGTH DATA ELEMENTS--GENERAL INFORMATION
fixed length control field 230809b |||||||| |||| 00| 0 eng d
100 ## - MAIN ENTRY--PERSONAL NAME
9 (RLIN) 5709
Personal name Espiritu Santo, Jemmygrace SJ.
Relator term author
245 ## - TITLE STATEMENT
Title <a href="The lived experiences of College of Accountancy students of the University of Rizal System Binangonan under flexible learning modalities">The lived experiences of College of Accountancy students of the University of Rizal System Binangonan under flexible learning modalities</a>
Statement of responsibility, etc Jemmygrace SJ. Espiritu Santo, Kristine Abegail S. Sevilla, Geraldine Mae S. Villena
260 ## - PUBLICATION, DISTRIBUTION, ETC. (IMPRINT)
Date of publication, distribution, etc 2023
300 ## - PHYSICAL DESCRIPTION
Extent 93 leaves
Dimensions 28 cm
336 ## - CONTENT TYPE
Source rdacontent
Content type term text
337 ## - MEDIA TYPE
Source rdamedia
Media type term unmediated
338 ## - CARRIER TYPE
Source rdacarrier
Carrier type term volume
502 ## - DISSERTATION NOTE
Dissertation note Undergraduate Thesis
Degree type Bachelor of Science in Accountancy
Name of granting institution University of Rizal System Binangonan
Year degree granted 2023
504 ## - BIBLIOGRAPHY, ETC. NOTE
Bibliography, etc Includes bibliographical references.
700 ## - ADDED ENTRY--PERSONAL NAME
9 (RLIN) 5710
Personal name Sevilla, Kristine Abegail S.
Relator term author
700 ## - ADDED ENTRY--PERSONAL NAME
9 (RLIN) 5711
Personal name Villena, Geraldine Mae S.
Relator term author
700 ## - ADDED ENTRY--PERSONAL NAME
9 (RLIN) 2669
Personal name Aldrin B. Boca, M.Ed.CDII Cand.
Relator term adviser
942 ## - ADDED ENTRY ELEMENTS (KOHA)
Source of classification or shelving scheme Library of Congress Classification
Koha item type Theses and dissertations
Holdings
Withdrawn status Source of classification or shelving scheme Damaged status Not for loan Home library Current library Shelving location Date acquired Total Checkouts Barcode Date last seen Price effective from Koha item type
  Library of Congress Classification     Binangonan College Library Binangonan College Library Undergraduate Theses 08/09/2023   URSBIN-UGT2863 08/09/2023 08/09/2023 Theses and dissertations

University of Rizal System
Email us at univlibservices@urs.edu.ph

Visit our Website www.urs.edu.ph/library